Statistiques concernant Les vainqueurs français des grands tournois de tennis

Cliquez ici pour prendre le quiz!

Statistiques générales

  • Ce quiz a été pris 49 fois
  • Le résultat moyen est 64 sur 334

Statistiques - réponses

TOURNOIAnnéeEpreuveeInitialesH/FPrénom et nom% Correct
France1983SimpleYNHYannick Noah
98%
France1984DoubleYNHYannick Noah
98%
Australie2006SimpleAMFAmélie Mauresmo
77%
Angleterre2006SimpleAMFAmélie Mauresmo
77%
Australie2019DoubleNMHNicolas Mahut
77%
France2018DoubleNMHNicolas Mahut
77%
France2021DoubleNMHNicolas Mahut
77%
Etats-Unis2015DoubleNMHNicolas Mahut
77%
Angleterre2016DoubleNMHNicolas Mahut
77%
France2022DoubleCGFCaroline Garcia
73%
France2016DoubleCGFCaroline Garcia
73%
Angleterre2013SimpleMBFMarion Bartoli
73%
France2021DoubleP-H HHPierre-Hugues Herbert
73%
Australie2019DoubleP-H HHPierre-Hugues Herbert
73%
France2018DoubleP-H HHPierre-Hugues Herbert
73%
Etats-Unis2015DoubleP-H HHPierre-Hugues Herbert
73%
France2000DoubleMPFMary Pierce
66%
Australie1995SimpleMPFMary Pierce
66%
France2000SimpleMPFMary Pierce
66%
Angleterre2005MixteMPFMary Pierce
66%
France2020DoubleKMFKristina Mladenovic
64%
Australie2020DoubleKMFKristina Mladenovic
64%
France2022DoubleKMFKristina Mladenovic
64%
France2019DoubleKMFKristina Mladenovic
64%
France2016DoubleKMFKristina Mladenovic
64%
Australie2018DoubleKMFKristina Mladenovic
64%
Angleterre2013MixteKMFKristina Mladenovic
64%
Australie2004DoubleFSHFabrice Santoro
59%
France2005MixteFSHFabrice Santoro
59%
Australie2003DoubleFSHFabrice Santoro
59%
France2014DoubleE R-VHEdouard Roger-Vasselin
52%
France2004MixteRGHRichard Gasquet
52%
Angleterre2007DoubleMLHMichaël Llodra
45%
Australie2003DoubleMLHMichaël Llodra
45%
Australie2004DoubleMLHMichaël Llodra
45%
Etats-Unis1926SimpleRLHRené Lacoste
43%
France1924DoubleRLHRené Lacoste
43%
Angleterre1925SimpleRLHRené Lacoste
43%
France1927SimpleRLHRené Lacoste
43%
Angleterre1925DoubleRLHRené Lacoste
43%
France1929DoubleRLHRené Lacoste
43%
France1925SimpleRLHRené Lacoste
43%
France1929SimpleRLHRené Lacoste
43%
France1925DoubleRLHRené Lacoste
43%
Angleterre1928SimpleRLHRené Lacoste
43%
Etats-Unis1927SimpleRLHRené Lacoste
43%
France1920MixteSLFSuzanne Lenglen
41%
Angleterre1925DoubleSLFSuzanne Lenglen
41%
France1922SimpleSLFSuzanne Lenglen
41%
France1922DoubleSLFSuzanne Lenglen
41%
France1922DoubleSLFSuzanne Lenglen
41%
Angleterre1925MixteSLFSuzanne Lenglen
41%
Angleterre1919DoubleSLFSuzanne Lenglen
41%
France1926MixteSLFSuzanne Lenglen
41%
Angleterre1919SimpleSLFSuzanne Lenglen
41%
France1920DoubleSLFSuzanne Lenglen
41%
Angleterre1925SimpleSLFSuzanne Lenglen
41%
France1922MixteSLFSuzanne Lenglen
41%
France1914MixteSLFSuzanne Lenglen
41%
Angleterre1923SimpleSLFSuzanne Lenglen
41%
Angleterre1923DoubleSLFSuzanne Lenglen
41%
France1923SimpleSLFSuzanne Lenglen
41%
France1923DoubleSLFSuzanne Lenglen
41%
Angleterre1920SimpleSLFSuzanne Lenglen
41%
France1925SimpleSLFSuzanne Lenglen
41%
France1926DoubleSLFSuzanne Lenglen
41%
France1926SimpleSLFSuzanne Lenglen
41%
France1920SimpleSLFSuzanne Lenglen
41%
Angleterre1921SimpleSLFSuzanne Lenglen
41%
Angleterre1921DoubleSLFSuzanne Lenglen
41%
Angleterre1920MixteSLFSuzanne Lenglen
41%
France1921SimpleSLFSuzanne Lenglen
41%
France1925MixteSLFSuzanne Lenglen
41%
Angleterre1920DoubleSLFSuzanne Lenglen
41%
France1921DoubleSLFSuzanne Lenglen
41%
France1923MixteSLFSuzanne Lenglen
41%
France1921MixteSLFSuzanne Lenglen
41%
Angleterre1922SimpleSLFSuzanne Lenglen
41%
Angleterre1922DoubleSLFSuzanne Lenglen
41%
Angleterre1922MixteSLFSuzanne Lenglen
41%
France1925DoubleSLFSuzanne Lenglen
41%
Angleterre2007DoubleACHArnaud Clément
39%
France1984DoubleHLHHenri Lecomte
39%
France1934MixteJBHJean Borotra
39%
France1934DoubleJBHJean Borotra
39%
Angleterre1925DoubleJBHJean Borotra
39%
Angleterre1924SimpleJBHJean Borotra
39%
France1928DoubleJBHJean Borotra
39%
France1926MixteJBHJean Borotra
39%
Angleterre1926SimpleJBHJean Borotra
39%
Etats-Unis1926MixteJBHJean Borotra
39%
France1927MixteJBHJean Borotra
39%
Australie1928SimpleJBHJean Borotra
39%
France1925MixteJBHJean Borotra
39%
France1925DoubleJBHJean Borotra
39%
Australie1928DoubleJBHJean Borotra
39%
Angleterre1933DoubleJBHJean Borotra
39%
France1924DoubleJBHJean Borotra
39%
Angleterre1925MixteJBHJean Borotra
39%
France1924SimpleJBHJean Borotra
39%
Angleterre1932DoubleJBHJean Borotra
39%
France1924MixteJBHJean Borotra
39%
France1931SimpleJBHJean Borotra
39%
France1936DoubleJBHBorotra
36%
France2014DoubleJBHJulien Benneteau
32%
France2007MixteNDFNathalie Dechy
27%
Etats-Unis2007DoubleNDFNathalie Dechy
27%
Etats-Unis2006DoubleNDFNathalie Dechy
27%
France2004MixteTGFTatiana Golovin
27%
France1933DoubleSMFSimonne Mathieu
23%
Angleterre1934DoubleSMFSimonne Mathieu
23%
Angleterre1933DoubleSMFSimonne Mathieu
23%
France1934DoubleSMFSimonne Mathieu
23%
France1936DoubleSMFSimonne Mathieu
23%
France1937DoubleSMFSimonne Mathieu
23%
Angleterre1937DoubleSMFSimonne Mathieu
23%
France1937MixteSMFSimonne Mathieu
23%
France1938SimpleSMFSimonne Mathieu
23%
France1938DoubleSMFSimonne Mathieu
23%
France1939DoubleSMFSimonne Mathieu
23%
France1938MixteSMFSimonne Mathieu
23%
France1939SimpleSMFSimonne Mathieu
23%
France1930SimpleHCHHenri Cochet
20%
France1930DoubleHCHHenri Cochet
20%
Etats-Unis1927MixteHCHHenri Cochet
20%
France1932DoubleHCHHenri Cochet
20%
Angleterre1927SimpleHCHHenri Cochet
20%
France1927DoubleHCHHenri Cochet
20%
Etats-Unis1928SimpleHCHHenri Cochet
20%
France1922SimpleHCHHenri Cochet
20%
Angleterre1928DoubleHCHHenri Cochet
20%
France1932SimpleHCHHenri Cochet
20%
France1928SimpleHCHHenri Cochet
20%
Angleterre1926DoubleHCHHenri Cochet
20%
France1928MixteHCHHenri Cochet
20%
Angleterre1929SimpleHCHHenri Cochet
20%
France1929MixteHCHHenri Cochet
20%
France1926SimpleHCHHenri Cochet
20%
France1922MixteJBHJacques Brugnon
14%
France1923MixteJBHJacques Brugnon
14%
Angleterre1933DoubleJBHJacques Brugnon
14%
Angleterre1926DoubleJBHJacques Brugnon
14%
France1934DoubleJBHJacques Brugnon
14%
Angleterre1928DoubleJBHJacques Brugnon
14%
France1927DoubleJBHJacques Brugnon
14%
France1932DoubleJBHJacques Brugnon
14%
Australie1928DoubleJBHJacques Brugnon
14%
France1928DoubleJBHJacques Brugnon
14%
France1929DoubleJBHJacques Brugnon
14%
France1930DoubleJBHJacques Brugnon
14%
France1922DoubleJBHJacques Brugnon
14%
Angleterre1932DoubleJBHJacques Brugnon
14%
France1921MixteJBHJacques Brugnon
14%
France1971MixteFDFFrançoise Durr
11%
Angleterre1976MixteFDFFrançoise Durr
11%
France1973MixteFDFFrançoise Durr
11%
Etats-Unis1972DoubleFDFFrançoise Durr
11%
France1971DoubleFDFFrançoise Durr
11%
France1970DoubleFDFFrançoise Durr
11%
France1967SimpleFDFFrançoise Durr
11%
France1969DoubleFDFFrançoise Durr
11%
France1967DoubleFDFFrançoise Durr
11%
Etats-Unis1969DoubleFDFFrançoise Durr
11%
France1968MixteFDFFrançoise Durr
11%
France1968DoubleFDFFrançoise Durr
11%
France1922DoubleMDHMarcel Dupont
11%
France1910DoubleMDHMarcel Dupont
11%
Etats-Unis2000DoubleJHFJulie Halard
5%
Etats-Unis1970DoublePBHPierre Barthès
5%
Angleterre2016DoubleP-H HHPierre-Hugues Hubert
5%
France1946DoubleMBHMarcel Bernard
2%
France1946SimpleMBHMarcel Bernard
2%
France1936DoubleMBHMarcel Bernard
2%
France1935MixteMBHMarcel Bernard
2%
France1936MixteMBHMarcel Bernard
2%
France1913DoubleMDHMax Decugis
2%
France1903SimpleMCHMax Decugis
2%
France1904DoubleMDHMax Decugis
2%
France1904SimpleMCHMax Decugis
2%
France1912DoubleMGHMax Decugis
2%
France1903DoubleMDHMax Decugis
2%
France1920DoubleMDHMax Decugis
2%
France1914MixteMDHMax Decugis
2%
France1912DoubleMDHMax Decugis
2%
France1914SimpleMDHMax Decugis
2%
France1902DoubleMDHMax Decugis
2%
France1914DoubleMDHMax Decugis
2%
France1912SimpleMDHMax Decugis
2%
France1920MixteMDHMax Decugis
2%
France1905DoubleMDHMax Decugis
2%
France1913SimpleMDHMax Decugis
2%
France1904MixteMDHMax Decugis
2%
France1905MixteMDHMax Decugis
2%
France1909DoubleMDHMax Decugis
2%
France1910SimpleMDHMax Decugis
2%
France1909SimpleMDHMax Decugis
2%
France1906DoubleMDHMax Decugis
2%
France1908MixteMDHMax Decugis
2%
France1908DoubleMDHMax Decugis
2%
France1910DoubleMGHMax Decugis
2%
France1908SimpleMDHMax Decugis
2%
France1911DoubleMDHMax Decugis
2%
France1907DoubleMDHMax Decugis
2%
Angleterre1911DoubleMDHMax Decugis
2%
France1907SimpleMDHMax Decugis
2%
France1906MixteMDHMax Decugis
2%
France1909MixteMDHMax Decugis
2%
France1897SimpleAMFAdine Masson
0%
France1898SimpleAMFAdine Masson
0%
France1899SimpleAMFAdine Masson
0%
France1907DoubleAMFAdine Masson
0%
France1902SimpleAMFAdine Masson
0%
France1903SimpleAMFAdine Masson
0%
France1911SimpleAGHAndré Gobert
0%
France1920SimpleAGHAndré Gobert
0%
Angleterre1911DoubleAGHAndré Gobert
0%
France1911MixteAGHAndré Gobert
0%
France1921DoubleAGHAndré Gobert
0%
France1895SimpleAVHAndré Vacherot
0%
France1901SimpleAVHAndré Vacherot
0%
France1901DoubleAVHAndré Vacherot
0%
France1894SimpleAVHAndré Vacherot
0%
France1896SimpleAVHAndré Vacherot
0%
France1895DoubleAVHAndré Vacherot
0%
France1938DoubleBDHBernard Destremau
0%
France1914DoubleBAFBlanche Amblard
0%
France1913DoubleBAFBlanche Amblard
0%
France1908DoubleCMFCécile Matthey
0%
France1892SimpleCAHClaude Anet
0%
France1934MixteCRFColette Rosambert
0%
France1912MixteDSFDaisy Speranza
0%
France1911DoubleDSFDaisy Speranza
0%
France1913MixteDSFDaisy Speranza
0%
France1910DoubleDSFDaisy Speranza
0%
France1912DoubleDSFDaisy Speranza
0%
France1909DoubleDSFDaisy Speranza
0%
France1891DoubleBD*HDesjoyau
0%
France1892Double?D-AHDiaz-Albertini
0%
Angleterre1932DoubleDMFDoris Metaxa
0%
France1910MixteEMHEdouard Mény
0%
France1920DoubleEdAFElisabeth d'Ayen
0%
France1971DoubleGSFGail Sherriff
0%
France1967DoubleGSFGail Sherriff
0%
France1976DoubleGSFGail Sherriff
0%
France1970DoubleGSFGail Sherriff
0%
France1894DoubleGSHGeorges Brosselin
0%
France1921DoubleGBFGermaine Bourgeois
0%
France1892DoubleJHHHavet
0%
France1902MixteHPFHélène Prévost
0%
France1903MixteHPFHélène Prévost
0%
France1902DoubleJWHJacques Worth
0%
France1903DoubleJWHJacques Worth
0%
France1905DoubleJWHJacques Worth
0%
France1968MixteJ-C BHJean-Claude Barclay
0%
France1973MixteJ-C BHJean-Claude Barclay
0%
France1971MixteJ-C BHJean-Claude Barclay
0%
France1923SimpleJ-F BHJean-François Blanchy
0%
France1923DoubleJ-F BHJean-François Blanchy
0%
France1909DoubleJMFJeanne Matthey
0%
France1909MixteJMFJeanne Matthey
0%
France1910SimpleJMFJeanne Matthey
0%
France1910DoubleJMFJeanne Matthey
0%
France1912SimpleJMFJeanne Matthey
0%
France1911SimpleJMFJeanne Matthey
0%
France1911DoubleJMFJeanne Matthey
0%
France1909SimpleJMFJeanne Matthey
0%
France1912DoubleJMFJeanne Matthey
0%
France1923DoubleJSHJean Samazeuilh
0%
France1921SimpleJSHJean Samazeuilh
0%
France1893DoubleJSHJean Schofer
0%
France1926DoubleJVFJulie Vlasto
0%
France1925DoubleJVFJulie Vlasto
0%
France1924SimpleJVFJulie Vlasto
0%
France1923DoubleJVFJulie Vlasto
0%
France1908MixteKGFKate Gillou
0%
France1904SimpleKGFKate Gillou
0%
France1904MixteKGFKate Gillou
0%
France1905SimpleKGFKate Gillou
0%
France1908SimpleKGFKate Gillou
0%
France1908DoubleKGFKate Gillou
0%
France1906SimpleKGFKate Gillou
0%
France1893SimpleLRHLaurent Riboulet
0%
France1891DoubleTL*HLegrand
0%
France1894DoubleJL*HLesage
0%
France1898DoubleMVHMarcel Vacherot
0%
France1902SimpleMVHMarcel Vacherot
0%
France1901DoubleMVHMarcel Vacherot
0%
France1924DoubleMBFMarguerite Broquedis
0%
France1913SimpleMBFMarguerite Broquedis
0%
France1924MixteMBFMarguerite Broquedis
0%
France1914SimpleMBFMarguerite Broquedis
0%
France1927MixteMBFMarguerite Broquedis
0%
France1911MixteMBFMarguerite Broquedis
0%
France1910MixteMMFMarguerite Mény
0%
France1906SimpleMGHMaurice Germot
0%
France1911DoubleMGHMaurice Germot
0%
France1904DoubleMGHMaurice Germot
0%
France1905SimpleMGHMaurice Germot
0%
France1909DoubleMGHMaurice Germot
0%
France1906DoubleMGHMaurice Germot
0%
France1913DoubleMGHMaurice Germot
0%
France1914DoubleMGHMaurice Germot
0%
France1920DoubleMGHMaurice Germot
0%
France1908DoubleMGHMaurice Germot
0%
France1907DoubleMGHMaurice Germot
0%
France1948SimpleNAFNelly Adamson
0%
France1897SimplePAHPaul Aymé
0%
France1897DoublePAHPaul Aymé
0%
France1898SimplePAHPaul Aymé
0%
France1899SimplePAHPaul Aymé
0%
France1899DoublePAHPaul Aymé
0%
France1900SimplePAHPaul Aymé
0%
France1900DoublePAHPaul Aymé
0%
France1899DoublePLHPaul Lebreton
0%
France1900DoublePLHPaul Lebreton
0%
France1897DoublePLHPaul Lebreton
0%
France1907MixteAP*FPéan
0%
France1907MixteRWHRobert Wallet
0%
France1913DoubleSAFSuzanne Amblard
0%
France1914DoubleSAFSuzanne Amblard
0%
France1901SimpleSGFSuzanne Girod
0%
France1907SimpleTdKFThérèse de Kermel
0%
France1913MixteWLHWilliam Laurentz
0%
France1921DoubleWLHWilliam Laurentz
0%
France1912MixteWLHWilliam Laurentz
0%
France1924DoubleYVFYvonne Bourgeois
0%
France1907DoubleYdPFYvonne de Pfeffel
0%
France1906MixteYdPFYvonne de Pfeffel
0%
1905MixteYdPFYvonne de Pfeffel
0%
France1900SimpleYPFYvonne Prévost
0%
France1938DoubleYPHYvon Petra
0%
France1937MixteYPHYvon Petra
0%
France1946DoubleYPHYvon Petra
0%
Angleterre1946SimpleYPHYvon Petra
0%

Distribution des résultats

Percentile par nombre de réponses

% des personnes avec chaque résultat

Votre développement - résultats

Vous n’avez pas pris ce quiz